Digital Circus - les Personnages de "The Amazing Digital Circus" - Statistiques

Statistiques générales
  • Ce quiz a été pris 376 fois
  • Le résultat moyen est 7 sur 10
Statistiques - réponses
Indice Personnages % Correct
Arrivante Pomni
99%
Lapin Jax
89%
Celui coincé dans le jeudepuis le plus longtemps Kinger
85%
Maitre du jeu Caine
80%
Tête en triangle Zooble
78%
Poupée Ragatha
77%
Animal de compagniede ce dernier Bubble
73%
Ruban Gangle
73%
Clown Kaufmo
60%
Femme de ce dernier Quener
11%
Aucun quiz correspondant
Distribution des résultats
% des personnes avec chaque résultat
Percentile par nombre de réponses
Votre historique - résultats
Vous n’avez pas pris ce quiz